[Event "London Classic Super rapid 8th"]
[Site "London"]
[Date "2016.12.17"]
[Round "2"]
[White "Fressinet, Laurent"]
[Black "Malhotra, Tarun"]
[Result "1-0"]
[WhiteElo "2672"]
[BlackElo "2053"]
[PlyCount "53"]
[EventDate "2016.12.17"]
[EventType "swiss (rapid)"]
[EventRounds "10"]
[EventCountry "ENG"]
[SourceTitle "CBM 176 Extra"]
[Source "ChessBase"]
[SourceDate "2017.03.02"]
[SourceVersion "1"]
[SourceVersionDate "2017.03.02"]
[SourceQuality "1"]

1. Nf3 d5 2. g3 Nf6 3. Bg2 c6 4. 0-0 Bf5 5. c4 e6 6. cxd5 cxd5 7. Qb3 Qb6 8. Qxb6 axb6 9. d3 Nc6 10. Nc3 Bc5 11. Bd2 0-0 12. Nb5 Rfc8 13. Rfc1 h6 14. a3 Bg4 15. b4 Bxf3 16. Bxf3 Bf8 17. Bf4 g5 18. Be3 Nd7 19. Rab1 Kg7 20. Bg2 Kf6 21. f4 g4 22. Bf2 Ne7 23. e4 dxe4 24. dxe4 Rxc1+ 25. Rxc1 e5 26. Rd1 Nb8 27. Nc7 1-0

[Event "London Classic CSC op 7th"]
[Site "London"]
[Date "2015.12.06"]
[Round "5"]
[White "Malhotra, Tarun"]
[Black "Weaving, Richard"]
[Result "0-1"]
[WhiteElo "2052"]
[BlackElo "2240"]
[PlyCount "132"]
[EventDate "2015.12.04"]
[EventType "swiss"]
[EventRounds "5"]
[EventCountry "ENG"]
[SourceTitle "CBM 169 Extra"]
[Source "ChessBase"]
[SourceDate "2015.12.18"]
[SourceVersion "1"]
[SourceVersionDate "2015.12.18"]
[SourceQuality "1"]

1. Nf3 Nf6 2. g3 d5 3. Bg2 c5 4. 0-0 Nc6 5. d3 e6 6. Nbd2 Be7 7. c3 b6 8. Qc2 a6 9. Rd1 Bb7 10. Nf1 Qc7 11. h3 0-0 12. g4 b5 13. Bg5 Rfd8 14. e3 Rac8 15. Bf4 e5 16. Bh2 Bd6 17. Ng3 Ne7 18. g5 Nd7 19. h4 c4 20. d4 e4 21. Ne1 Rf8 22. Bh3 Rce8 23. Ng2 Bc8 24. Qe2 Nb6 25. Bxc8 Nbxc8 26. Rf1 f6 27. Qg4 Rf7 28. f3 f5 29. Qh3 exf3 30. Rxf3 Qd7 31. Raf1 g6 32. h5 Nb6 33. Nh4 Rg7 34. R1f2 a5 35. Kh1 b4 36. Ne2 Na4 37. Bxd6 Qxd6 38. Nf4 bxc3 39. bxc3 Nxc3 40. hxg6 hxg6 41. Nfxg6 Rxg6 42. Rh2 Rb8 43. Nxg6 Rb1+ 44. Kg2 Rb2+ 45. Kf1 Rb1+ 46. Kf2 Ne4+ 47. Ke2 Qxh2+ 48. Qxh2 Rb2+ 49. Kd1 Rxh2 50. Nxe7+ Kf7 51. Nxd5 Ke6 52. Nc7+ Kd7 53. Na6 Nd6 54. Rg3 c3 55. g6 Nc4 56. g7 Nb2+ 57. Ke1 Nd3+ 58. Kf1 c2 59. Kg1 Rd2 60. Nb8+ Kc7 61. Na6+ Kb7 62. Nc5+ Nxc5 63. Kh1 Ne4 64. Rg1 Ng3+ 65. Rxg3 c1Q+ 66. Rg1 Qc6+ 0-1

[Event "BCF-ch U16"]
[Site "Aberystwyth"]
[Date "2014.07.24"]
[Round "5"]
[White "Zhu, Richard"]
[Black "Malhotra, Tarun"]
[Result "1/2-1/2"]
[WhiteElo "1714"]
[BlackElo "2002"]
[PlyCount "66"]
[EventDate "2014.07.21"]
[EventType "swiss"]
[EventRounds "7"]
[EventCountry "WLS"]
[SourceTitle "CBM 161 Extra"]
[Source "ChessBase"]
[SourceDate "2014.08.29"]
[SourceVersion "1"]
[SourceVersionDate "2014.08.29"]
[SourceQuality "1"]

1. d4 d5 2. c4 c6 3. Nf3 Nf6 4. Nc3 dxc4 5. a4 Bf5 6. Ne5 Nbd7 7. Nxc4 Qc7 8. g3 e5 9. dxe5 Nxe5 10. Bf4 Nfd7 11. Bg2 g5 12. Bxe5 Nxe5 13. Qd4 f6 14. 0-0-0 Rd8 15. Qe3 Be7 16. Rxd8+ Kxd8 17. Nxe5 Qxe5 18. Qxa7 Ba3 19. Rd1+ Kc8 20. Qa8+ Kc7 21. Nb5+ Qxb5 22. axb5 Rxa8 23. bxa3 Rxa3 24. Kb2 Ra5 25. bxc6 bxc6 26. Rc1 Bd7 27. Kc3 g4 28. Kd4 Rh5 29. Rh1 c5+ 30. Kc3 Be6 31. f3 Rg5 32. f4 Rg8 33. Ra1 Rh8 1/2-1/2

[Event "BCF-chT2b 1314 (4NCL)"]
[Site "England"]
[Date "2014.03.22"]
[Round "7.75"]
[White "Burnett, Jim"]
[Black "Malhotra, Tarun"]
[Result "1/2-1/2"]
[WhiteElo "2143"]
[BlackElo "1997"]
[PlyCount "115"]
[EventDate "2013.11.16"]
[EventType "team-swiss"]
[EventRounds "11"]
[EventCountry "ENG"]
[SourceTitle "EXT 2015"]
[Source "ChessBase"]
[SourceDate "2014.11.20"]
[SourceVersion "1"]
[SourceVersionDate "2014.11.20"]
[SourceQuality "1"]
[WhiteTeam "White Rose II"]
[BlackTeam "Hackney"]
[WhiteTeamCountry "ENG"]
[BlackTeamCountry "ENG"]

1. d4 d5 2. c4 c6 3. Nf3 Nf6 4. Nc3 dxc4 5. a4 Bf5 6. Ne5 Nbd7 7. Nxc4 Qc7 8. g3 e5 9. dxe5 Nxe5 10. Bf4 Nfd7 11. Bg2 g5 12. Ne3 gxf4 13. Nxf5 0-0-0 14. Qc2 fxg3 15. hxg3 h5 16. 0-0-0 Bb4 17. Na2 Bf8 18. Kb1 Kb8 19. e3 Qb6 20. Qc3 Qc5 21. Qxc5 Bxc5 22. Nc3 Nf6 23. Kc2 Neg4 24. Rxd8+ Rxd8 25. Nd1 Re8 26. Kd3 Re5 27. Nd4 Re8 28. Ne2 Bb4 29. Kc2 Rd8 30. Nf4 Ba5 31. Nd3 c5 32. b3 Re8 33. Bf3 Ne5 34. Bxh5 Nxd3 35. Kxd3 Rd8+ 36. Kc2 Rd2+ 37. Kc1 Ne4 38. Bxf7 Nxf2 39. Nxf2 Rxf2 40. Bd5 Bd2+ 41. Kb1 Bxe3 42. Rh7 b6 43. Rb7+ Kc8 44. Rxa7 Rd2 45. Bc4 Rg2 46. Rg7 Kb8 47. g4 Kc8 48. Be6+ Kb8 49. Rb7+ Kxb7 50. Bd5+ Kc7 51. Bxg2 Kd6 52. Kc2 Ke5 53. Kd3 Bf2 54. Be4 Kf4 55. Bf5 Be1 56. Kc4 Ba5 57. Kd5 Kg5 58. Bd7 1/2-1/2

[Event "Wch U16"]
[Site "Al Ain"]
[Date "2013.12.18"]
[Round "1"]
[White "Tran, Tuan Minh"]
[Black "Malhotra, Tarun"]
[Result "1-0"]
[WhiteElo "2330"]
[BlackElo "1988"]
[PlyCount "85"]
[EventDate "2013.12.18"]
[EventType "swiss"]
[EventRounds "11"]
[EventCountry "UAE"]
[SourceTitle "CBM 158 Extra"]
[Source "ChessBase"]
[SourceDate "2014.02.28"]
[SourceVersion "1"]
[SourceVersionDate "2014.02.28"]
[SourceQuality "1"]

1. d4 d5 2. c4 c6 3. Nf3 Nf6 4. Nc3 dxc4 5. a4 Bf5 6. e3 e6 7. Bxc4 Bb4 8. 0-0 Nbd7 9. h3 0-0 10. Nh4 Ne4 11. Nxf5 exf5 12. Qb3 a5 13. Rd1 Nb6 14. Bd2 Nxd2 15. Rxd2 Qd6 16. Rad1 Rac8 17. Rc2 g6 18. Na2 Qe7 19. Nxb4 Qxb4 20. Qxb4 axb4 21. a5 Nxc4 22. Rxc4 Ra8 23. Rxb4 Rxa5 24. Rxb7 Rfa8 25. Kh2 Rb5 26. Rxb5 cxb5 27. Kg3 Kf8 28. Kf4 Ke7 29. g4 fxg4 30. hxg4 Ra2 31. Rd2 Kd6 32. Kg5 Ke7 33. d5 Ra6 34. e4 Rd6 35. e5 Rd7 36. f4 b4 37. Kh6 Kf8 38. d6 Ke8 39. Kg7 f5+ 40. Kf6 Rf7+ 41. Ke6 Rd7 42. gxf5 gxf5 43. Rg2 1-0

[Event "London Classic op-B 5th"]
[Site "London"]
[Date "2013.12.14"]
[Round "2"]
[White "Malhotra, Tarun"]
[Black "Shepherd, Katherine M"]
[Result "0-1"]
[WhiteElo "1988"]
[BlackElo "1779"]
[PlyCount "77"]
[EventDate "2013.12.13"]
[EventType "swiss"]
[EventRounds "5"]
[EventCountry "ENG"]
[SourceTitle "EXT 2016"]
[Source "ChessBase"]
[SourceDate "2015.10.08"]
[SourceVersion "1"]
[SourceVersionDate "2015.10.08"]
[SourceQuality "1"]

1. e4 e6 2. d4 d5 3. Nc3 Nf6 4. Bg5 dxe4 5. Nxe4 Nbd7 6. Bd3 Be7 7. Nxf6+ Nxf6 8. Nf3 c5 9. dxc5 Qa5+ 10. Bd2 Qxc5 11. 0-0 0-0 12. Bc3 Rd8 13. a3 Qc7 14. Qe2 Bd7 15. Be5 Qc8 16. Rad1 a6 17. Rfe1 Bc6 18. h3 b5 19. b4 Qb7 20. Ng5 h6 21. Bxf6 Bxf6 22. Ne4 Bd4 23. c3 Bb6 24. Bc2 Qa7 25. Nd6 Bd5 26. Ne4 Rac8 27. Rd2 f5 28. Ng3 Rxc3 29. Qe5 Qc7 30. Qxc7 Bxc7 31. Ne2 Rxa3 32. Red1 Re8 33. Nd4 Bb7 34. Re2 Kf7 35. Nxf5 Bd5 36. Nd4 Bb6 37. Kh2 Rc8 38. Bb1 Rcc3 39. g4 0-1

[Event "BCF-ch U16"]
[Site "Torquay"]
[Date "2013.07.31"]
[Round "4.52"]
[White "Mitra, Roman"]
[Black "Malhotra, Tarun"]
[Result "1-0"]
[WhiteElo "1891"]
[BlackElo "1998"]
[PlyCount "137"]
[EventDate "2013.07.29"]
[EventType "swiss"]
[EventRounds "7"]
[EventCountry "ENG"]
[SourceTitle "EXT 2023"]
[Source "ChessBase"]
[SourceDate "2022.10.05"]
[SourceVersion "1"]
[SourceVersionDate "2022.10.05"]
[SourceQuality "1"]

1. e4 c5 2. Nf3 Nc6 3. Bb5 d6 4. Bxc6+ bxc6 5. 0-0 e5 6. c3 Bg4 7. h3 Bh5 8. d3 Nf6 9. Qa4 Qc7 10. Nbd2 Be7 11. Re1 0-0 12. Nh2 Nd7 13. Ndf1 Bg6 14. g4 d5 15. c4 h5 16. Ng3 hxg4 17. hxg4 Nb6 18. Qc2 Qd7 19. Be3 d4 20. Bd2 Qd8 21. Nf3 Nd7 22. Kg2 Qc7 23. Ng1 Nf6 24. f3 Nh7 25. N1e2 Bg5 26. Rh1 f6 27. Rh2 Kf7 28. Rah1 Bxd2 29. Qxd2 Ng5 30. Nf5 Ne6 31. Neg3 Nf4+ 32. Kf1 Rg8 33. Nh4 Rh8 34. Nxg6 Nxg6 35. Rxh8 Rxh8 36. Rxh8 Nxh8 37. g5 Qd8 38. f4 exf4 39. Qxf4 Ng6 40. Qf5 Qd6 41. Nh5 Nf8 42. Nf4 g6 43. Qxf6+ Qxf6 44. gxf6 Kxf6 45. Kf2 g5 46. Ne2 Nd7 47. Ng3 Ne5 48. Ke2 g4 49. Nf5 Kg5 50. b4 cxb4 51. Nxd4 Kf4 52. Ne6+ Kg3 53. c5 a5 54. d4 Nd7 55. d5 Ne5 56. Nd4 Kf4 57. dxc6 Nxc6 58. Nxc6 Kxe4 59. Nxa5 Kd5 60. Nb3 Kc6 61. Kf2 Kb5 62. Kg3 Kc6 63. Kxg4 Kd5 64. Kf3 Kc6 65. Ke4 Kc7 66. Kd4 Kd7 67. Kc4 Kc6 68. Kxb4 Kd7 69. Kb5 1-0

[Event "BCF-ch U16"]
[Site "Torquay"]
[Date "2013.07.29"]
[Round "1"]
[White "Malhotra, Tarun"]
[Black "Head, Louise"]
[Result "1-0"]
[WhiteElo "1998"]
[BlackElo "1769"]
[PlyCount "61"]
[EventDate "2013.07.29"]
[EventType "swiss"]
[EventRounds "7"]
[EventCountry "ENG"]
[SourceTitle "EXT 2023"]
[Source "ChessBase"]
[SourceDate "2022.10.05"]
[SourceVersion "1"]
[SourceVersionDate "2022.10.05"]
[SourceQuality "1"]

1. e4 c6 2. d4 d5 3. Nc3 b5 4. exd5 b4 5. Nce2 cxd5 6. c3 e6 7. cxb4 Bxb4+ 8. Nc3 Bd7 9. Bd2 Ne7 10. Bd3 Nbc6 11. a3 Ba5 12. Nf3 a6 13. 0-0 f6 14. Re1 0-0 15. Qc2 f5 16. Na4 Bxd2 17. Qxd2 Ne5 18. Rxe5 Ng6 19. Nc5 Nxe5 20. Nxe5 Bc8 21. b4 Qh4 22. f4 g5 23. Nf3 Qxf4 24. Qxf4 gxf4 25. Ne5 h5 26. Rf1 Ra7 27. Rxf4 Rf6 28. Be2 Rh6 29. h4 Kf8 30. g3 Ke7 31. Nc6+ 1-0

[Event "London Kings Place Rapid op 1st"]
[Site "London"]
[Date "2013.06.15"]
[Round "1"]
[White "Jones, Gawain C B"]
[Black "Malhotra, Tarun"]
[Result "1-0"]
[WhiteElo "2643"]
[BlackElo "1998"]
[PlyCount "89"]
[EventDate "2013.06.15"]
[EventType "swiss (rapid)"]
[EventRounds "6"]
[EventCountry "ENG"]
[SourceTitle "CBM 154 Extra"]
[Source "ChessBase"]
[SourceDate "2013.06.25"]
[SourceVersion "2"]
[SourceVersionDate "2013.06.25"]
[SourceQuality "1"]

1. e4 c5 2. d3 d6 3. f4 g6 4. Nf3 Bg7 5. Be2 e6 6. 0-0 Ne7 7. c3 Nbc6 8. a4 Bd7 9. Na3 d5 10. Be3 b6 11. Rb1 0-0 12. Qe1 f5 13. e5 d4 14. cxd4 Nd5 15. Bd2 Nxd4 16. Nxd4 cxd4 17. Bd1 Re8 18. Nc4 Bf8 19. Ra1 a5 20. Nd6 Bxd6 21. exd6 Qf6 22. Qe5 Rac8 23. Bb3 Qxe5 24. fxe5 Rc5 25. Rfe1 Rec8 26. Bc4 Kf7 27. h4 h5 28. b3 Nb4 29. Re2 Nd5 30. Bc1 Nc3 31. Re1 Rb8 32. Ba3 Rcc8 33. Ba6 Rg8 34. Bc1 Bc6 35. Bg5 Ra8 36. Bc4 Ra7 37. Rac1 Rb8 38. Be3 dxe3 39. Rxc3 f4 40. g3 fxg3 41. Rxe3 b5 42. axb5 Bxb5 43. Rf3+ Kg7 44. Bxe6 a4 45. Rc7+ 1-0

[Event "BCF-chT3S 1213 (4NCL)"]
[Site "England"]
[Date "2013.02.23"]
[Round "5.105"]
[White "Malhotra, Tarun"]
[Black "Baruch, Andrew JD"]
[Result "1/2-1/2"]
[WhiteElo "1984"]
[BlackElo "2079"]
[PlyCount "57"]
[EventDate "2012.11.03"]
[EventType "team-swiss"]
[EventRounds "6"]
[EventCountry "ENG"]
[SourceTitle "EXT 2014"]
[Source "ChessBase"]
[SourceDate "2013.11.20"]
[SourceVersion "1"]
[SourceVersionDate "2013.11.20"]
[SourceQuality "1"]
[WhiteTeam "FCA Solutions"]
[BlackTeam "Warwicks Select II"]
[WhiteTeamCountry "ENG"]
[BlackTeamCountry "ENG"]

1. e4 Nf6 2. e5 Nd5 3. c4 Nb6 4. d4 d6 5. exd6 cxd6 6. Nc3 g6 7. Be3 Bg7 8. Rc1 0-0 9. Be2 d5 10. c5 Nc4 11. Bxc4 dxc4 12. Nge2 Bf5 13. 0-0 Bd3 14. Re1 Nc6 15. d5 Nb4 16. Nf4 Bf5 17. d6 exd6 18. cxd6 Nd3 19. Nxd3 Bxd3 20. Bc5 Qg5 21. Ba3 Rfd8 22. Ne4 Qd5 23. Qf3 Kh8 24. Nd2 Qxf3 25. Nxf3 Bf8 26. Ne5 Kg7 27. Nxc4 Bxc4 28. Rxc4 Bxd6 29. Bxd6 1/2-1/2

[Event "Wch U14"]
[Site "Maribor"]
[Date "2012.11.18"]
[Round "11.32"]
[White "Santos Ruiz, Miguel"]
[Black "Malhotra, Tarun"]
[Result "1/2-1/2"]
[WhiteElo "2082"]
[BlackElo "1946"]
[PlyCount "81"]
[EventDate "2012.11.08"]
[EventType "swiss"]
[EventRounds "11"]
[EventCountry "SLO"]
[SourceTitle "EXT 2013"]
[Source "ChessBase"]
[SourceDate "2012.11.22"]
[SourceVersion "1"]
[SourceVersionDate "2012.11.22"]
[SourceQuality "1"]

1. e4 c5 2. Nf3 Nc6 3. Bb5 d6 4. Bxc6+ bxc6 5. 0-0 e5 6. c3 Nf6 7. Re1 Bg4 8. h3 Bxf3 9. Qxf3 Be7 10. d3 0-0 11. Na3 Qc7 12. Nc4 Rab8 13. Qg3 Kh8 14. f4 Nh5 15. Qg4 Nxf4 16. Bxf4 exf4 17. Qxf4 h6 18. Re2 Qd7 19. Rf1 Qe6 20. Ref2 Kg8 21. b3 Rbd8 22. d4 cxd4 23. cxd4 Bf6 24. e5 Bg5 25. Qf5 Qxf5 26. Rxf5 d5 27. Nb2 Bd2 28. Rd1 Be3+ 29. Kf1 c5 30. dxc5 Bxc5 31. Nd3 Bb6 32. Nb4 d4 33. Rf2 Rd7 34. Rc2 Re8 35. Nd3 Rd5 36. Re1 Re7 37. Rc6 Bc7 38. e6 Rf5+ 39. Kg1 Bg3 40. exf7+ Rfxf7 41. Rf1 1/2-1/2

[Event "Wch U14"]
[Site "Maribor"]
[Date "2012.11.17"]
[Round "10.37"]
[White "Malhotra, Tarun"]
[Black "Urazayev, Arystanbek"]
[Result "1/2-1/2"]
[WhiteElo "1946"]
[BlackElo "1918"]
[PlyCount "155"]
[EventDate "2012.11.08"]
[EventType "swiss"]
[EventRounds "11"]
[EventCountry "SLO"]
[SourceTitle "EXT 2013"]
[Source "ChessBase"]
[SourceDate "2012.11.22"]
[SourceVersion "1"]
[SourceVersionDate "2012.11.22"]
[SourceQuality "1"]

1. e4 d6 2. c4 Nf6 3. Nc3 c5 4. d3 g6 5. g3 Bg7 6. Bg2 Nc6 7. Nge2 0-0 8. 0-0 Bd7 9. h3 h5 10. Be3 Qc8 11. Kh2 Ne5 12. Nf4 Kh7 13. Nfd5 Nc6 14. Nxf6+ Bxf6 15. f4 Qd8 16. Qd2 Bd4 17. f5 Bxe3 18. Qxe3 Nd4 19. Rf2 e6 20. f6 Bc6 21. Qg5 Rh8 22. Ne2 Nxe2 23. Rxe2 Qf8 24. Qe3 e5 25. a3 a5 26. b3 b5 27. Qd2 Qh6 28. Qc2 h4 29. Qc1 Qxc1 30. Rxc1 hxg3+ 31. Kxg3 bxc4 32. dxc4 a4 33. b4 cxb4 34. axb4 Rhc8 35. Rec2 a3 36. Ra2 Ra4 37. Rb1 Bd7 38. Bf1 Be6 39. Rb3 Bxc4 40. Bxc4 Rxc4 41. Rbxa3 Rxa3+ 42. Rxa3 Rxb4 43. Ra7 g5 44. Rxf7+ Kg6 45. Rd7 Rxe4 46. Rxd6 Rf4 47. Re6 e4 48. Kg2 Kf7 49. Re7+ Kxf6 50. Re8 Kf5 51. Rf8+ Ke5 52. Re8+ Kd4 53. Rd8+ Ke3 54. Ra8 Rf2+ 55. Kg3 Rd2 56. Re8 Kd3 57. Rd8+ Ke2 58. Re8 e3 59. Re5 Rd8 60. Rxg5 Kd2 61. Re5 e2 62. Kg4 e1Q 63. Rxe1 Kxe1 64. h4 Kf2 65. h5 Ke3 66. Kg5 Ke4 67. h6 Ke5 68. Kg6 Rd6+ 69. Kg7 Rd7+ 70. Kg6 Rd6+ 71. Kg7 Kf5 72. h7 Rd7+ 73. Kh6 Rd8 74. Kg7 Kg5 75. h8Q Rd7+ 76. Kf8 Rd8+ 77. Kg7 Rxh8 78. Kxh8 1/2-1/2

[Event "Wch U14"]
[Site "Maribor"]
[Date "2012.11.12"]
[Round "6.25"]
[White "Huber, Martin Christian"]
[Black "Malhotra, Tarun"]
[Result "1/2-1/2"]
[WhiteElo "2150"]
[BlackElo "1946"]
[PlyCount "45"]
[EventDate "2012.11.08"]
[EventType "swiss"]
[EventRounds "11"]
[EventCountry "SLO"]
[SourceTitle "EXT 2013"]
[Source "ChessBase"]
[SourceDate "2012.11.22"]
[SourceVersion "1"]
[SourceVersionDate "2012.11.22"]
[SourceQuality "1"]

1. Nf3 d5 2. g3 c6 3. Bg2 Nf6 4. c4 Bf5 5. cxd5 cxd5 6. Qb3 Qb6 7. Qxb6 axb6 8. Nc3 Bd7 9. Ne5 Bc6 10. 0-0 e6 11. d4 Nbd7 12. Nxc6 bxc6 13. Bf4 Be7 14. Rfc1 0-0 15. Rc2 Nh5 16. Bd2 f5 17. Rac1 Nhf6 18. a3 h6 19. h4 Bd6 20. Bf4 Bxf4 21. gxf4 c5 22. dxc5 bxc5 23. e3 1/2-1/2

[Event "Wch U14"]
[Site "Maribor"]
[Date "2012.11.09"]
[Round "2.29"]
[White "Asgarizadeh, Ahmad"]
[Black "Malhotra, Tarun"]
[Result "1-0"]
[WhiteElo "2170"]
[BlackElo "1946"]
[PlyCount "65"]
[EventDate "2012.11.08"]
[EventType "swiss"]
[EventRounds "11"]
[EventCountry "SLO"]
[SourceTitle "EXT 2013"]
[Source "ChessBase"]
[SourceDate "2012.11.22"]
[SourceVersion "1"]
[SourceVersionDate "2012.11.22"]
[SourceQuality "1"]

1. e4 c5 2. Nc3 Nc6 3. f4 e6 4. Nf3 d5 5. Bb5 Nge7 6. Qe2 d4 7. Nd1 a6 8. Bxc6+ Nxc6 9. d3 Be7 10. 0-0 h6 11. Nf2 f5 12. Bd2 0-0 13. Rae1 Bf6 14. h3 Bd7 15. Kh2 Qc7 16. g4 fxe4 17. Nxe4 Nb4 18. Kg2 Nxc2 19. Rc1 Ne3+ 20. Bxe3 dxe3 21. Nxc5 Qd6 22. g5 hxg5 23. fxg5 Bd4 24. Ne4 Qd5 25. g6 e5 26. Nfg5 Rf2+ 27. Rxf2 exf2 28. Qh5 Kf8 29. Nf7 Ke7 30. Qh4+ Ke6 31. Nd8+ Rxd8 32. Qxd8 Kf5 33. Rc7 1-0

[Event "BCF-ch Major op"]
[Site "North Shields"]
[Date "2012.08.03"]
[Round "11.45"]
[White "Hagesaether, Arne"]
[Black "Malhotra, Tarun"]
[Result "1-0"]
[WhiteElo "2150"]
[BlackElo "2005"]
[PlyCount "43"]
[EventDate "2012.07.23"]
[EventType "swiss"]
[EventRounds "11"]
[EventCountry "ENG"]
[SourceTitle "EXT 2023"]
[Source "ChessBase"]
[SourceDate "2022.10.05"]
[SourceVersion "1"]
[SourceVersionDate "2022.10.05"]
[SourceQuality "1"]

1. d4 f5 2. c4 Nf6 3. Nf3 g6 4. g3 Bg7 5. Bg2 d6 6. 0-0 0-0 7. Nc3 Nc6 8. d5 Na5 9. Qd3 e5 10. dxe6 Bxe6 11. b3 Nc6 12. Bf4 h6 13. Rad1 g5 14. Be3 Nh5 15. Nd4 Nxd4 16. Bxd4 Rb8 17. Bxa7 Bxc3 18. Qxc3 Ra8 19. Bd4 Rxa2 20. Bxb7 Qb8 21. Bc6 g4 22. Qe3 1-0

[Event "BCF-ch Major op"]
[Site "North Shields"]
[Date "2012.07.27"]
[Round "5.48"]
[White "Mulleady, Peter J"]
[Black "Malhotra, Tarun"]
[Result "0-1"]
[WhiteElo "1797"]
[BlackElo "2005"]
[PlyCount "48"]
[EventDate "2012.07.23"]
[EventType "swiss"]
[EventRounds "11"]
[EventCountry "ENG"]
[SourceTitle "EXT 2023"]
[Source "ChessBase"]
[SourceDate "2022.10.05"]
[SourceVersion "1"]
[SourceVersionDate "2022.10.05"]
[SourceQuality "1"]

1. f4 c5 2. Nf3 Nc6 3. b3 d5 4. Bb2 Nf6 5. e3 e6 6. Bb5 Bd7 7. 0-0 a6 8. Bxc6 Bxc6 9. Ne5 Qc7 10. d3 Bd6 11. Nd2 0-0-0 12. Nxc6 Qxc6 13. Nf3 Ne8 14. Qe2 h6 15. c4 dxc4 16. bxc4 Rg8 17. d4 f6 18. dxc5 Bxc5 19. Bd4 g5 20. Bxc5 Qxc5 21. fxg5 hxg5 22. Nd4 Nc7 23. Rxf6 Rxd4 24. exd4 Qxd4+ 0-1

[Event "BCF-ch Major op"]
[Site "North Shields"]
[Date "2012.07.25"]
[Round "3.44"]
[White "Garnett, John S"]
[Black "Malhotra, Tarun"]
[Result "1-0"]
[WhiteElo "2031"]
[BlackElo "2005"]
[PlyCount "101"]
[EventDate "2012.07.23"]
[EventType "swiss"]
[EventRounds "11"]
[EventCountry "ENG"]
[SourceTitle "EXT 2023"]
[Source "ChessBase"]
[SourceDate "2022.10.05"]
[SourceVersion "1"]
[SourceVersionDate "2022.10.05"]
[SourceQuality "1"]

1. c4 f5 2. g3 Nf6 3. Bg2 g6 4. Nc3 Bg7 5. e4 fxe4 6. Nxe4 Nxe4 7. Bxe4 Nc6 8. Ne2 d6 9. Bg2 e5 10. 0-0 0-0 11. d3 Bf5 12. a3 Qd7 13. Be3 Bh3 14. Qd2 Bxg2 15. Kxg2 Rf7 16. f4 Raf8 17. Rf2 exf4 18. Nxf4 g5 19. Nd5 Rxf2+ 20. Bxf2 Qg4 21. Qd1 Qf5 22. Qe2 Kh8 23. Rf1 g4 24. b4 Ne5 25. Bd4 Qf3+ 26. Qxf3 gxf3+ 27. Kh3 Nxd3 28. Bxg7+ Kxg7 29. Nxc7 Rf7 30. Ne8+ Kg6 31. Nxd6 Rd7 32. c5 Ne5 33. g4 h5 34. gxh5+ Kxh5 35. Kg3 Kg5 36. h4+ Kf6 37. Kf4 b6 38. Ne4+ Ke6 39. Ng5+ Kd5 40. Rd1+ Kc6 41. Rxd7 Nxd7 42. Nxf3 bxc5 43. Ne5+ Nxe5 44. Kxe5 cxb4 45. axb4 Kb5 46. h5 Kxb4 47. h6 a5 48. h7 a4 49. h8Q Kb3 50. Qb8+ Ka2 51. Kd4 1-0